লোডিং...

Advanced financial knowledge for managers : beyond the bottom line

গ্রন্থ-পঞ্জীর বিবরন
প্রধান লেখক: Warner, Alan
বিন্যাস: Printed Book
ভাষা:Undetermined
প্রকাশিত: Bombay Jaico Publishing House
LEADER 00566nam a2200145Ia 4500
008 161229s9999 xx 000 0 und d
020 |a 8172244053 
082 |a 658.15 WAR/AD 
100 |a Warner, Alan 
245 |a Advanced financial knowledge for managers : beyond the bottom line 
260 |b Jaico Publishing House  |a Bombay 
300 |a x, 221 
942 |c BK 
999 |c 153037  |d 153037 
952 |0 0  |1 0  |4 0  |6 658_150000000000000_WARAD  |7 0  |9 152104  |a KAUCLV  |b KAUCLV  |d 2016-12-29  |g 395.00  |o 658.15 WAR/AD  |p 904346  |r 2016-12-29  |w 2016-12-29  |y BK  |z Book transferred from CCBM Library ,Acc.No:6086